| 000 | 01064nac a22003251u 4500 | ||
|---|---|---|---|
| 003 | EG-ScBUE | ||
| 005 | 20211115095617.0 | ||
| 008 | 200219s2002 enk f 000 1 eng d | ||
| 020 | _a0007140487 | ||
| 020 | _a9780007140480 | ||
| 040 |
_aEG-ScBUE _beng _erda _cEG-ScBUE _dEG-ScBUE |
||
| 041 | 1 |
_aeng _hspa |
|
| 043 | _as-cl--- | ||
| 082 | 0 | 4 |
_a863.64 _bALL _222 |
| 100 | 1 |
_aAllende, Isabel, _eauthor. |
|
| 240 | 1 | 0 |
_aRetrato en sepia. _lEnglish |
| 245 | 1 | 0 |
_aPortrait in sepia / _cIsabel Allende ; translated from the Spanish by Margaret Sayers Peden. |
| 264 | 1 |
_aLondon : _bFlamingo, _c2002. |
|
| 300 |
_a304 pages ; _c24 cm |
||
| 336 |
_2rdacontent _atext _btxt |
||
| 337 |
_2rdamedia _aunmediated _bn |
||
| 338 |
_2rdacarrier _avolume _bnc |
||
| 650 | 7 |
_aFamilies _zChile _vFiction. _2BUEsh |
|
| 650 | 7 |
_aYoung women _zChile _vFiction. _2BUEsh |
|
| 651 | 7 |
_aChile _xHistory _vFiction. _2BUEsh |
|
| 653 |
_bHHUUEENN _cNovember2021 |
||
| 655 |
_vReading book _934232 |
||
| 700 | 1 |
_aPeden, Margaret Sayers, _etranslator. |
|
| 942 |
_cBB _k863.64 ALL _2ddc |
||
| 999 |
_c1654 _d1654 |
||